Opciones de reinclusión para domiciliaridades dañadas. Reinclusion Options for Damaged Domiciliarities /
Na minha lista:
| Autor principal: | |
|---|---|
| Formato: | Texto |
| Assuntos: | |
| Tags: |
Adicionar Tag
Sem tags, seja o primeiro a adicionar uma tag!
|
MARC
| LEADER | 00000 a a2200000 04500 | ||
|---|---|---|---|
| 001 | 7305 | ||
| 003 | |||
| 040 | |||
| 100 | |a Robles, Fernando | ||
| 245 | |a Opciones de reinclusión para domiciliaridades dañadas. Reinclusion Options for Damaged Domiciliarities / |c Fernando Robles | ||
| 650 | |a TEORIA SOCIAL | ||
| 650 | |a TRABAJO SOCIAL | ||
| 650 | |a SISTEMA SOCIAL | ||
| 650 | |a DESARROLLO DE LA PERSONALIDAD | ||
| 773 | |g volumen 11, número 1; páginas 9-24 | ||
| 999 | |c 34092 |d 34092 | ||
